00729nam a22002297a 4500003000500000005001700005008004100022010000900063011000900072035000900081040000900090100003600099245010900135260004000244300001100284500001000295502006800305650001700373650004600390650003800436700002500474CHAP20220329133433.0971013s1991 r 00010 d a6375 a7347 a6570 cCHAP00aFlores Miranda, Angel Martín. aEvaluación técnica y financiera de dos aserraderos ejidales en la "Costa Grande", estado de Guerrero aChapingo, Méx. :bEl autor,c1991 a157 h. a62-15 aTesis (Ing.Forestal) -- UACH. División de Ciencias Forestales14aAserraderos.14aBosquesxAspectos económicosxGuerrero.14aBosquesxSociedades cooperativas.0 aOchoa Pérez, I. R.